[Event "North Island-ch Staurt Memorial"]
[Site "Auckland"]
[Date "2023.07.14"]
[Round "3"]
[White "Tang, Hao"]
[Black "Cilia Vincenti, David"]
[Result "1-0"]
[WhiteElo "2000"]
[BlackElo "1929"]
[PlyCount "69"]
[EventDate "2023.07.13"]
[EventType "swiss"]
[EventRounds "8"]
[EventCountry "NZL"]
[SourceTitle "EXT 2024"]
[Source "ChessBase"]
[SourceDate "2023.10.10"]
[SourceVersion "1"]
[SourceVersionDate "2023.10.10"]
[SourceQuality "1"]

1. d4 f5 2. Nf3 Nf6 3. g3 e6 4. Bg2 d5 5. 0-0 Bd6 6. c4 0-0 7. Nc3 c6 8. cxd5 exd5 9. Bg5 Nbd7 10. Qc2 Qe8 11. e3 Ne4 12. Bf4 Qe7 13. Ne2 g5 14. Bxd6 Qxd6 15. Ne1 Qg6 16. Nd3 Kh8 17. a4 a5 18. Nec1 Rg8 19. f3 Nd6 20. Qc3 Qg7 21. Ne5 f4 22. Ne2 fxe3 23. f4 gxf4 24. Nxf4 Nf6 25. Qxe3 Ng4 26. Qc3 Nf5 27. Nh5 Qe7 28. Nxg4 Rxg4 29. Rae1 Qf7 30. h3 Rg5 31. g4 Rxh5 32. gxh5 Bd7 33. Re5 Rg8 34. Qc2 Qxh5 35. Rexf5 1-0

[Event "North Island-ch Staurt Memorial"]
[Site "Auckland"]
[Date "2023.07.14"]
[Round "4"]
[White "Tang, Hao"]
[Black "Yu, Zachary"]
[Result "1/2-1/2"]
[WhiteElo "2000"]
[BlackElo "1914"]
[PlyCount "56"]
[EventDate "2023.07.13"]
[EventType "swiss"]
[EventRounds "8"]
[EventCountry "NZL"]
[SourceTitle "EXT 2024"]
[Source "ChessBase"]
[SourceDate "2023.10.10"]
[SourceVersion "1"]
[SourceVersionDate "2023.10.10"]
[SourceQuality "1"]

1. d4 Nf6 2. Nf3 d5 3. c4 e6 4. Nc3 dxc4 5. e3 a6 6. a4 c5 7. Bxc4 Nc6 8. 0-0 Be7 9. dxc5 Qxd1 10. Rxd1 Bxc5 11. Bd2 0-0 12. Ng5 Ne5 13. Be2 Be7 14. Nge4 Nxe4 15. Nxe4 Bd7 16. Bc3 Bc6 17. Bxe5 Bxe4 18. Rd7 Bc5 19. Bf3 Bxf3 20. gxf3 f6 21. Bd6 Bxd6 22. Rxd6 e5 23. Rad1 Rf7 24. b4 Rc7 25. Rd7 Rac8 26. b5 Rc1 27. Rxc1 Rxc1+ 28. Kg2 Ra1 1/2-1/2

[Event "North Island-ch Staurt Memorial"]
[Site "Auckland"]
[Date "2023.07.13"]
[Round "2"]
[White "Wilson, Dion"]
[Black "Tang, Hao"]
[Result "0-1"]
[WhiteElo "1242"]
[BlackElo "2000"]
[PlyCount "64"]
[EventDate "2023.07.13"]
[EventType "swiss"]
[EventRounds "8"]
[EventCountry "NZL"]
[SourceTitle "EXT 2024"]
[Source "ChessBase"]
[SourceDate "2023.10.10"]
[SourceVersion "1"]
[SourceVersionDate "2023.10.10"]
[SourceQuality "1"]

1. e4 c5 2. Nf3 d6 3. Bb5+ Nd7 4. Nc3 a6 5. Bxd7+ Bxd7 6. d3 Nf6 7. 0-0 g6 8. Re1 Bg7 9. Bg5 h6 10. Bxf6 Bxf6 11. Nd5 Bg7 12. e5 0-0 13. exd6 exd6 14. c3 Kh7 15. Nd2 b5 16. Ne4 Bc6 17. Ne3 b4 18. cxb4 cxb4 19. Qb3 f5 20. Nd2 f4 21. Nc2 a5 22. Re6 Qd7 23. Rae1 Rae8 24. Qc4 Rxe6 25. Qxe6 Qxe6 26. Rxe6 Rc8 27. Ne1 Bb5 28. b3 Rc1 29. Nc4 Bc3 30. Nxd6 Bxe1 31. g3 Bc6 32. Rf6 Bd2# 0-1

[Event "Auckland ANZAC op"]
[Site "Auckland"]
[Date "2023.04.23"]
[Round "5"]
[White "Mao, Daqi"]
[Black "Tang, Hao"]
[Result "1/2-1/2"]
[WhiteElo "1979"]
[BlackElo "1970"]
[PlyCount "77"]
[EventDate "2023.04.21"]
[EventType "swiss"]
[EventRounds "6"]
[EventCountry "NZL"]
[SourceTitle "EXT 2024"]
[Source "ChessBase"]
[SourceDate "2023.10.10"]
[SourceVersion "1"]
[SourceVersionDate "2023.10.10"]
[SourceQuality "1"]

1. d4 Nf6 2. c4 c5 3. d5 b5 4. Nf3 g6 5. cxb5 a6 6. bxa6 Bxa6 7. Nc3 Bg7 8. e4 Bxf1 9. Kxf1 d6 10. g3 0-0 11. Kg2 Nbd7 12. a4 Qb6 13. Ra3 Rfb8 14. Qc2 Ne8 15. Nb5 Nc7 16. Nxc7 Qxc7 17. b3 Ne5 18. Nxe5 Bxe5 19. Bb2 Bxb2 20. Qxb2 Rb4 21. Qc2 c4 22. Rc1 Qb6 23. a5 Rxa5 24. Rxa5 Qxa5 25. bxc4 Qb6 26. Qc3 Rb3 27. Qd2 Rb2 28. Rc2 Rxc2 29. Qxc2 Qd4 30. Kf1 Kg7 31. Ke2 f6 32. Qd3 Qb2+ 33. Kf3 Qc1 34. Kg2 Qb2 35. Qe3 Qc2 36. Qd4 Qe2 37. h4 h5 38. Kg1 Qc2 39. Qe3 1/2-1/2

[Event "Auckland ANZAC op"]
[Site "Auckland"]
[Date "2023.04.23"]
[Round "4"]
[White "Tang, Hao"]
[Black "Zhang, Kendrick Botong"]
[Result "1-0"]
[WhiteElo "1970"]
[BlackElo "1845"]
[PlyCount "73"]
[EventDate "2023.04.21"]
[EventType "swiss"]
[EventRounds "6"]
[EventCountry "NZL"]
[SourceTitle "EXT 2024"]
[Source "ChessBase"]
[SourceDate "2023.10.10"]
[SourceVersion "1"]
[SourceVersionDate "2023.10.10"]
[SourceQuality "1"]

1. d4 Nf6 2. Nf3 g6 3. b4 Bg7 4. c4 d5 5. e3 0-0 6. Nbd2 Bf5 7. Bb2 c6 8. a4 dxc4 9. Nxc4 Nbd7 10. Be2 Nb6 11. 0-0 Nxc4 12. Bxc4 Nd5 13. Qb3 Nb6 14. Be2 Qd5 15. Qc3 Be6 16. Rfc1 Rac8 17. a5 Nd7 18. Qc2 Bf5 19. Qd1 Nf6 20. Ne5 Nd7 21. Bf3 Qd6 22. Nc4 Qc7 23. e4 Be6 24. d5 cxd5 25. exd5 Bf5 26. d6 Qd8 27. Bxg7 Kxg7 28. Bxb7 Rb8 29. Qd4+ Nf6 30. Qxa7 exd6 31. a6 Qd7 32. Qd4 d5 33. Ne5 Qd6 34. Nc6 Rbe8 35. a7 Re4 36. Qc5 Qxc5 37. bxc5 1-0

[Event "Auckland ANZAC op"]
[Site "Auckland"]
[Date "2023.04.22"]
[Round "3"]
[White "Hettiarachchi, Buthsara"]
[Black "Tang, Hao"]
[Result "0-1"]
[WhiteElo "1579"]
[BlackElo "1970"]
[PlyCount "84"]
[EventDate "2023.04.21"]
[EventType "swiss"]
[EventRounds "6"]
[EventCountry "NZL"]
[SourceTitle "EXT 2024"]
[Source "ChessBase"]
[SourceDate "2023.10.10"]
[SourceVersion "1"]
[SourceVersionDate "2023.10.10"]
[SourceQuality "1"]

1. e4 c5 2. Nc3 d6 3. f4 g6 4. Nf3 Bg7 5. Bc4 Nc6 6. d3 e6 7. 0-0 Nge7 8. Re1 0-0 9. Bb3 Rb8 10. Ne2 b5 11. c3 a5 12. d4 cxd4 13. Nexd4 a4 14. Bc2 Qc7 15. Be3 Bd7 16. Qd3 b4 17. Nxc6 Bxc6 18. Bd4 e5 19. fxe5 dxe5 20. Bf2 Bb5 21. Qe3 Rfc8 22. Rec1 bxc3 23. Qxc3 Qxc3 24. bxc3 Rxc3 25. Be1 Rc7 26. Ba5 Rc4 27. Nd2 Rc6 28. Bb4 Bh6 29. Bd1 Be3+ 30. Kh1 Rxc1 31. Rxc1 Nc6 32. Bc3 Rd8 33. Rc2 Bd3 34. Rc1 Bxe4 35. Bxa4 Bxd2 36. Bxd2 Rxd2 37. Bxc6 Bxc6 38. Kg1 Rxg2+ 39. Kf1 Bf3 40. a4 Rxh2 41. Rc8+ Kg7 42. a5 e4 0-1

[Event "NZL-ch op-A 130th"]
[Site "Wellington"]
[Date "2023.01.09"]
[Round "8"]
[White "Tang, Hao"]
[Black "Liu, William Rui"]
[Result "1-0"]
[WhiteElo "1913"]
[BlackElo "1760"]
[PlyCount "117"]
[EventDate "2023.01.02"]
[EventType "swiss"]
[EventRounds "9"]
[EventCountry "NZL"]
[SourceTitle "CBM 212 Extra"]
[Source "ChessBase"]
[SourceDate "2023.03.31"]
[SourceVersion "1"]
[SourceVersionDate "2023.03.31"]
[SourceQuality "1"]

1. d4 Nf6 2. Nf3 e6 3. c4 d5 4. Nc3 Bb4 5. cxd5 exd5 6. Qa4+ Nc6 7. Bg5 h6 8. Bxf6 Qxf6 9. e3 0-0 10. Be2 Be6 11. 0-0 a6 12. Rfc1 Bd6 13. a3 Ne7 14. b4 g5 15. Qd1 Ng6 16. Ne1 Qg7 17. b5 a5 18. Bf3 Ne7 19. Nd3 g4 20. Be2 h5 21. Bf1 Nf5 22. Ne2 Qg5 23. Nef4 Nxd4 24. exd4 Bxf4 25. Nxf4 Qxf4 26. g3 Qd6 27. Qd2 Bf5 28. Qg5+ Bg6 29. Rc5 c6 30. bxc6 bxc6 31. Rac1 Qd8 32. Qh6 Qf6 33. Rxc6 Qxd4 34. Rxg6+ fxg6 35. Qxg6+ Qg7 36. Qxh5 Rad8 37. Rd1 Qf7 38. Qxg4+ Qg7 39. Qe6+ Qf7 40. Qe3 Qg7 41. Rd4 Rfe8 42. Qd2 Re5 43. h3 Rg5 44. Bg2 Qf6 45. h4 Rg7 46. Qxa5 Rgd7 47. Qd2 Qe5 48. Rg4+ Rg7 49. Rd4 Rgd7 50. a4 Rd6 51. a5 R8d7 52. Bf1 Qe6 53. a6 Ra7 54. Qb4 Raxa6 55. Bxa6 Rxa6 56. Qb8+ Kg7 57. Qb7+ Kf6 58. Qxd5 Qxd5 59. Rxd5 1-0

[Event "NZL-ch rapid op 130th"]
[Site "Wellington"]
[Date "2023.01.05"]
[Round "5"]
[White "Wang, Justin Zhide"]
[Black "Tang, Hao"]
[Result "1-0"]
[WhiteElo "1526"]
[BlackElo "1913"]
[PlyCount "123"]
[EventDate "2023.01.04"]
[EventType "swiss (rapid)"]
[EventRounds "9"]
[EventCountry "NZL"]
[SourceTitle "CBM 212 Extra"]
[Source "ChessBase"]
[SourceDate "2023.03.31"]
[SourceVersion "1"]
[SourceVersionDate "2023.03.31"]
[SourceQuality "1"]

1. e4 c5 2. Nc3 d6 3. f4 a6 4. Nf3 Nc6 5. d3 e6 6. g3 Nf6 7. Bg2 Be7 8. 0-0 0-0 9. h3 Qc7 10. a3 b5 11. g4 d5 12. exd5 Nxd5 13. Nxd5 exd5 14. Re1 Bd6 15. Ne5 Nxe5 16. fxe5 Bxe5 17. Bxd5 Bd4+ 18. Kg2 Bb7 19. Qf3 Bxd5 20. Qxd5 Rae8 21. Re4 Rxe4 22. Qxe4 Qd7 23. c3 Re8 24. Qf3 Be5 25. Bg5 Bb8 26. Rf1 f6 27. Bh4 Qe6 28. Re1 Qd7 29. Rxe8+ Qxe8 30. Qd5+ Kh8 31. Qxc5 Qe2+ 32. Bf2 Qe8 33. Qe3 Qc6+ 34. Qf3 Qd7 35. Qa8 Qc7 36. Qf3 Qh2+ 37. Kf1 h6 38. d4 Qc7 39. Qe3 Qc6 40. Ke1 Kh7 41. Kd2 Qd5 42. Kc2 Bd6 43. Qd3+ Kh8 44. Qe3 Kh7 45. h4 Qg2 46. Qe2 Kh8 47. Kd3 Qh3+ 48. Kc2 Qg2 49. Kd2 Bf4+ 50. Be3 Bxe3+ 51. Kxe3 Qg3+ 52. Qf3 Qxh4 53. Qa8+ Kh7 54. Qe4+ Kh8 55. d5 Qe1+ 56. Kd4 Qd2+ 57. Kc5 Qxb2 58. d6 Qxc3+ 59. Kb6 Qd2 60. Qc6 Qe3+ 61. Kb7 Qe6 62. d7 1-0

[Event "NZL-ch op-A 130th"]
[Site "Wellington"]
[Date "2023.01.04"]
[Round "3"]
[White "Tang, Hao"]
[Black "Wang, Justin Zhide"]
[Result "1-0"]
[WhiteElo "1913"]
[BlackElo "1526"]
[PlyCount "169"]
[EventDate "2023.01.02"]
[EventType "swiss"]
[EventRounds "9"]
[EventCountry "NZL"]
[SourceTitle "CBM 212 Extra"]
[Source "ChessBase"]
[SourceDate "2023.03.31"]
[SourceVersion "1"]
[SourceVersionDate "2023.03.31"]
[SourceQuality "1"]

1. d4 e6 2. Nf3 Nf6 3. Bg5 d5 4. c4 Be7 5. e3 h6 6. Bh4 Ne4 7. Bxe7 Qxe7 8. Nc3 Nxc3 9. bxc3 c6 10. Bd3 Nd7 11. 0-0 f5 12. cxd5 cxd5 13. c4 0-0 14. Qb3 Qd6 15. cxd5 exd5 16. Nh4 Nb6 17. a4 g5 18. Nf3 Be6 19. Rfc1 Nc4 20. Rc2 Rfc8 21. Qb1 Qb6 22. Qa2 Qd6 23. Rac1 Rab8 24. Rc3 a6 25. Qc2 b5 26. axb5 axb5 27. Qb1 Rf8 28. Qb3 Rfc8 29. h3 Rf8 30. R3c2 Na5 31. Qa2 Nc4 32. Nd2 Rfc8 33. Nb3 Ra8 34. Qb1 Rf8 35. Ra2 Rxa2 36. Qxa2 h5 37. Nc5 Bc8 38. Rb1 Bd7 39. Nxd7 Qxd7 40. Qa6 Qd6 41. Qxb5 Na3 42. Qb6 Qxb6 43. Rxb6 Nc4 44. Bxc4 dxc4 45. Rc6 Kf7 46. Rxc4 Ke6 47. Rc6+ Kf7 48. Kf1 Ra8 49. g3 Ra1+ 50. Kg2 Kg7 51. Rc2 Rd1 52. f3 Rd3 53. Kf2 Rd1 54. h4 gxh4 55. gxh4 Rh1 56. Kg3 f4+ 57. Kxf4 Rxh4+ 58. Kg3 Rh1 59. Rh2 Rg1+ 60. Kf2 Ra1 61. Rxh5 Ra2+ 62. Kg3 Kg6 63. Rc5 Ra4 64. Kg4 Kf6 65. Rc6+ Ke7 66. Kf5 Ra3 67. Ke4 Kd7 68. Rh6 Ra5 69. d5 Ra8 70. Kf5 Rf8+ 71. Rf6 Rh8 72. e4 Rh5+ 73. Kg6 Rh1 74. f4 Ke7 75. e5 Re1 76. d6+ Ke8 77. Kf5 Rh1 78. Ke6 Rh8 79. Rg6 Kd8 80. f5 Re8+ 81. Kd5 Rh8 82. Kc6 Kc8 83. Rg7 Kd8 84. Ra7 Ke8 85. Ra8+ 1-0

[Event "NZL-ch op-A 130th"]
[Site "Wellington"]
[Date "2023.01.03"]
[Round "2"]
[White "Qin, Oscar Shu Xuan"]
[Black "Tang, Hao"]
[Result "1/2-1/2"]
[WhiteElo "1795"]
[BlackElo "1913"]
[PlyCount "83"]
[EventDate "2023.01.02"]
[EventType "swiss"]
[EventRounds "9"]
[EventCountry "NZL"]
[SourceTitle "CBM 212 Extra"]
[Source "ChessBase"]
[SourceDate "2023.03.31"]
[SourceVersion "1"]
[SourceVersionDate "2023.03.31"]
[SourceQuality "1"]

1. e4 d5 2. exd5 Qxd5 3. Nc3 Qa5 4. d4 Nf6 5. Nf3 Bg4 6. h3 Bh5 7. g4 Bg6 8. Ne5 e6 9. Bd2 c6 10. h4 Nbd7 11. Nxd7 Nxd7 12. h5 Bxh5 13. Rxh5 Qb6 14. Qf3 Qxd4 15. Qf4 Qxf4 16. Bxf4 Nf6 17. Rh4 0-0-0 18. Bd3 Be7 19. g5 Nd5 20. Nxd5 Rxd5 21. Rg4 Rd4 22. Ke2 h5 23. Rh1 Bd6 24. Ke3 Bc5 25. Rgg1 Ra4+ 26. Kf3 Bxf2 27. Ra1 Bd4 28. c3 Bb6 29. a3 Ra5 30. Rae1 Bc7 31. g6 Rf8 32. Be3 fxg6+ 33. Ke2 Re5 34. Kd2 Rd5 35. Kc2 Bf4 36. Bxa7 Rfd8 37. Bc4 Rd2+ 38. Kb3 e5 39. Bb6 R8d6 40. Bc5 Rd8 41. Bb6 R8d6 42. Bc5 1/2-1/2

[Event "South Island-ch Rapid"]
[Site "Invercargill"]
[Date "2022.10.09"]
[Round "2"]
[White "Tang, Hao"]
[Black "Hwang, Ryan"]
[Result "1-0"]
[WhiteElo "1805"]
[BlackElo "1411"]
[PlyCount "71"]
[EventDate "2022.10.09"]
[EventType "swiss (rapid)"]
[EventRounds "6"]
[EventCountry "NZL"]
[SourceTitle "EXT 2024"]
[Source "ChessBase"]
[SourceDate "2023.10.10"]
[SourceVersion "1"]
[SourceVersionDate "2023.10.10"]
[SourceQuality "1"]

1. d4 Nf6 2. Nf3 g6 3. b4 Bg7 4. c4 0-0 5. e3 d6 6. Bb2 Bf5 7. Be2 Nc6 8. Qb3 a6 9. 0-0 Re8 10. Nc3 e5 11. Rfd1 a5 12. b5 exd4 13. bxc6 dxc3 14. cxb7 Ra7 15. Bxc3 Be4 16. c5 Rxb7 17. Qa3 d5 18. Qxa5 Qe7 19. Nd4 Rc8 20. Qa6 c6 21. Nxc6 Qc7 22. Nd4 Rcb8 23. f3 Bf5 24. Nxf5 gxf5 25. Bxf6 Ra7 26. Qd6 Qxd6 27. cxd6 Bxf6 28. Rac1 Rxa2 29. d7 Kg7 30. Bf1 Ra7 31. Rc8 Rab7 32. Rdc1 Bd8 33. Rxb8 Rxb8 34. Rc8 Rb7 35. Rxd8 Kf6 36. Bb5 1-0

[Event "North Island-ch"]
[Site "Auckland"]
[Date "2022.07.17"]
[Round "8"]
[White "Tang, Hao"]
[Black "Lim, Benjamin U"]
[Result "1/2-1/2"]
[WhiteElo "1838"]
[BlackElo "1834"]
[PlyCount "97"]
[EventDate "2022.07.14"]
[EventType "swiss"]
[EventRounds "9"]
[EventCountry "NZL"]
[SourceTitle "EXT 2024"]
[Source "ChessBase"]
[SourceDate "2023.10.10"]
[SourceVersion "1"]
[SourceVersionDate "2023.10.10"]
[SourceQuality "1"]

1. d4 Nf6 2. Nf3 c5 3. c3 cxd4 4. cxd4 e6 5. Nc3 d5 6. Bf4 Bd6 7. Bg3 0-0 8. e3 b6 9. Bd3 Bb7 10. Qc2 Nc6 11. a3 a6 12. Rc1 Rc8 13. 0-0 Bxg3 14. hxg3 Na5 15. Ne5 g6 16. Qb1 Nb3 17. Rcd1 Kg7 18. Bc2 Na5 19. Bd3 b5 20. f4 Nc4 21. Bxc4 bxc4 22. b3 Qa5 23. Rc1 cxb3 24. Qxb3 Bc6 25. g4 Bb5 26. Rfd1 Rb8 27. Nxb5 Rxb5 28. Qd3 Qa4 29. Rc6 a5 30. Rdc1 Rb3 31. R1c3 Rxc3 32. Rxc3 Ne4 33. Rc7 Nd6 34. Nd7 Re8 35. Nc5 Qb5 36. Qc2 Nc4 37. Qd3 Qb2 38. f5 Qc1+ 39. Kh2 exf5 40. gxf5 Qxe3 41. Qxe3 Rxe3 42. fxg6 hxg6 43. a4 Ra3 44. Rd7 Nb6 45. Ra7 Nc4 46. Rd7 Nb2 47. Ra7 Nc4 48. Rd7 Re3 49. Rc7 1/2-1/2

[Event "Henderson Trusts op-A 44th"]
[Site "Henderson"]
[Date "2022.06.05"]
[Round "3"]
[White "Tang, Hao"]
[Black "Archer, Ollie"]
[Result "0-1"]
[WhiteElo "1858"]
[BlackElo "1795"]
[PlyCount "106"]
[EventDate "2022.06.04"]
[EventType "swiss"]
[EventRounds "6"]
[EventCountry "NZL"]
[SourceTitle "EXT 2024"]
[Source "ChessBase"]
[SourceDate "2023.10.10"]
[SourceVersion "1"]
[SourceVersionDate "2023.10.10"]
[SourceQuality "1"]

1. d4 Nf6 2. Nf3 g6 3. b4 Bg7 4. c4 a5 5. b5 c5 6. e3 cxd4 7. exd4 d5 8. c5 Ne4 9. Qc2 0-0 10. Bd3 Nd7 11. Bb2 Re8 12. 0-0 f5 13. Nbd2 Qc7 14. a4 e5 15. Nb3 exd4 16. b6 Qb8 17. Nfxd4 Ne5 18. Bb5 Bd7 19. f3 Nf6 20. Rfe1 Qd8 21. Bc3 Bxb5 22. Nxb5 Nc4 23. Rxe8+ Nxe8 24. Bxg7 Kxg7 25. Re1 Qf6 26. Qc3 Kf7 27. Qd3 Rd8 28. N3d4 Rd7 29. f4 Ng7 30. g3 Re7 31. Re2 Re4 32. Nc3 Qxd4+ 33. Qxd4 Rxd4 34. c6 Nxb6 35. cxb7 Nd7 36. Rb2 Rb4 37. Rxb4 axb4 38. Nxd5 Ne6 39. Nxb4 Nec5 40. a5 Nxb7 41. a6 Nd6 42. a7 Nb6 43. Kf2 Ndc8 44. Nc6 Ke6 45. Kf3 Kd6 46. Ne5 Nxa7 47. g4 Ke6 48. h3 Nd5 49. h4 h5 50. Nxg6 fxg4+ 51. Kg3 Nc6 52. Nf8+ Ke7 53. Nh7 Ne3 0-1

[Event "Henderson Trusts op-A 44th"]
[Site "Henderson"]
[Date "2022.06.04"]
[Round "2"]
[White "Young, Cohen"]
[Black "Tang, Hao"]
[Result "0-1"]
[WhiteElo "1646"]
[BlackElo "1858"]
[PlyCount "26"]
[EventDate "2022.06.04"]
[EventType "swiss"]
[EventRounds "6"]
[EventCountry "NZL"]
[SourceTitle "EXT 2024"]
[Source "ChessBase"]
[SourceDate "2023.10.10"]
[SourceVersion "1"]
[SourceVersionDate "2023.10.10"]
[SourceQuality "1"]

1. e4 d5 2. exd5 Qxd5 3. Nc3 Qa5 4. Nf3 Nf6 5. Bc4 Bg4 6. h3 Bh5 7. g4 Bg6 8. d4 Nc6 9. Bd2 0-0-0 10. d5 Nb4 11. Nd4 Qc5 12. Qe2 Qxd4 13. Be3 Nxc2+ 0-1

[Event "Wellington op"]
[Site "Wellington"]
[Date "2022.04.15"]
[Round "2"]
[White "Tang, Hao"]
[Black "Park Tamati, Philli"]
[Result "1/2-1/2"]
[WhiteElo "1852"]
[BlackElo "1647"]
[PlyCount "66"]
[EventDate "2022.04.15"]
[EventType "swiss"]
[EventRounds "6"]
[EventCountry "NZL"]
[SourceTitle "EXT 2024"]
[Source "ChessBase"]
[SourceDate "2023.10.10"]
[SourceVersion "1"]
[SourceVersionDate "2023.10.10"]
[SourceQuality "1"]

1. d4 d5 2. c4 e6 3. Nf3 Nf6 4. Nc3 Be7 5. Bg5 0-0 6. e3 a6 7. Qc2 dxc4 8. Bxc4 b5 9. Bd3 h6 10. Bh4 Bb7 11. 0-0 Bxf3 12. gxf3 Nd5 13. Nxd5 Bxh4 14. Nxc7 Ra7 15. Rac1 Qg5+ 16. Kh1 Qh5 17. Qe2 Bd8 18. Rc5 Qh4 19. Rfc1 Be7 20. R5c2 Bd6 21. f4 Qe7 22. Nxa6 Nxa6 23. a3 Qb7+ 24. f3 b4 25. Rc6 Nc5 26. Rxd6 Nxd3 27. Qxd3 bxa3 28. bxa3 Qxf3+ 29. Kg1 Rb8 30. Rdc6 g6 31. Rc8+ Rxc8 32. Rxc8+ Kg7 33. Qc3 Qg4+ 1/2-1/2

[Event "NZL-ch op 129th"]
[Site "Christchurch"]
[Date "2022.01.06"]
[Round "5"]
[White "Tang, Hao"]
[Black "McNabb, Matthew David"]
[Result "0-1"]
[WhiteElo "1838"]
[BlackElo "2029"]
[PlyCount "60"]
[EventDate "2022.01.02"]
[EventType "swiss"]
[EventRounds "9"]
[EventCountry "NZL"]
[SourceTitle "EXT 2023"]
[Source "ChessBase"]
[SourceDate "2022.10.05"]
[SourceVersion "1"]
[SourceVersionDate "2022.10.05"]
[SourceQuality "1"]

1. d4 d5 2. c4 c6 3. cxd5 cxd5 4. Nc3 Nc6 5. Nf3 Nf6 6. Bf4 a6 7. Rc1 Ne4 8. e3 Qa5 9. Bd3 Nxc3 10. bxc3 e6 11. 0-0 Be7 12. Bb1 Ba3 13. Rc2 Bd7 14. Re1 Ne7 15. Rd2 Rc8 16. Qb3 Rxc3 17. Qxb7 Bc8 18. Qb8 0-0 19. Rdd1 Nc6 20. Bc7 Qa4 21. Qb6 Bd7 22. Ne5 Nxe5 23. Bxe5 Bb5 24. h3 Rc6 25. Qb7 Bb4 26. Kh2 Bxe1 27. Rxe1 Qa5 28. Rg1 Qa3 29. e4 Rc1 30. Bd6 Qxd6+ 0-1

[Event "Christchurch Canterbury op"]
[Site "Christchurch"]
[Date "2022.01.06"]
[Round "4"]
[White "Tang, Hao"]
[Black "Suazo, Benedict"]
[Result "1/2-1/2"]
[WhiteElo "2063"]
[BlackElo "2081"]
[PlyCount "156"]
[EventDate "2022.01.03"]
[EventType "tourn"]
[EventRounds "5"]
[EventCountry "NZL"]
[SourceTitle "EXT 2024"]
[Source "ChessBase"]
[SourceDate "2023.10.10"]
[SourceVersion "1"]
[SourceVersionDate "2023.10.10"]
[SourceQuality "1"]

1. d4 e6 2. Nf3 f5 3. a3 Nf6 4. b4 a5 5. b5 b6 6. c4 Bb7 7. Nc3 Be7 8. e3 Ne4 9. Nxe4 Bxe4 10. Be2 0-0 11. 0-0 d6 12. Nd2 Bb7 13. Bf3 Bxf3 14. Nxf3 Bf6 15. Rb1 e5 16. Bb2 Nd7 17. dxe5 Nxe5 18. Qd5+ Kh8 19. Nd4 Qc8 20. Rfd1 Ng6 21. h3 Ne7 22. Qf3 Bxd4 23. Rxd4 Qe6 24. Rc1 Ng6 25. Qg3 Rf7 26. h4 Ne5 27. h5 h6 28. Qh3 Rc8 29. a4 Ng4 30. Qf3 Nf6 31. Rf4 Ne4 32. Bd4 Nd2 33. Qd1 Ne4 34. Qf3 Kh7 35. Rc2 Rg8 36. Rh4 Nf6 37. Rf4 Nd7 38. e4 fxe4 39. Rxe4 Rxf3 40. Rxe6 Rd3 41. Re7 Rxd4 42. Rxd7 Rc8 43. Rc3 Rg4 44. f3 Rg5 45. Re3 c6 46. g4 cxb5 47. cxb5 Rc4 48. Rxd6 Rxa4 49. Rxb6 Rb4 50. Kf2 Kg8 51. Rb8+ Kf7 52. b6 Rgb5 53. Ra8 Rxb6 54. Rxa5 Rb7 55. Kg3 Rb1 56. Kf4 Rg1 57. Rf5+ Kg8 58. Re8+ Kh7 59. Rff8 g5+ 60. hxg6+ Kxg6 61. Rg8+ Kf6 62. Ref8+ Ke6 63. Rg6+ Ke7 64. Rg7+ Kxf8 65. Rxb7 Rf1 66. Ke4 Rh1 67. f4 h5 68. g5 h4 69. Kf5 h3 70. Kf6 Ke8 71. g6 h2 72. Rb8+ Kd7 73. Rh8 Rf1 74. f5 h1Q 75. Rxh1 Rxh1 76. g7 Rg1 77. Kf7 Kd6 78. f6 Ke5 1/2-1/2

[Event "Christchurch Canterbury op"]
[Site "Christchurch"]
[Date "2022.01.04"]
[Round "2"]
[White "Gold, Hamish R"]
[Black "Tang, Hao"]
[Result "0-1"]
[WhiteElo "1875"]
[BlackElo "2063"]
[PlyCount "86"]
[EventDate "2022.01.03"]
[EventType "tourn"]
[EventRounds "5"]
[EventCountry "NZL"]
[SourceTitle "EXT 2024"]
[Source "ChessBase"]
[SourceDate "2023.10.10"]
[SourceVersion "1"]
[SourceVersionDate "2023.10.10"]
[SourceQuality "1"]

1. e4 c5 2. d4 cxd4 3. c3 dxc3 4. Bc4 Nc6 5. Nxc3 e6 6. Nf3 a6 7. 0-0 Nge7 8. Bb3 Ng6 9. Nd4 Be7 10. Kh1 Nxd4 11. Qxd4 Bf6 12. Qe3 0-0 13. f4 b5 14. e5 Be7 15. Qf3 Rb8 16. Be3 Bb7 17. Qf2 Nh4 18. Rg1 Nf5 19. Bb6 Qxb6 20. Qxb6 Bxg2+ 21. Rxg2 Rxb6 22. Rag1 Bc5 23. Rc1 Be3 24. Rf1 d5 25. Bc2 Rd8 26. Bxf5 exf5 27. Rg5 g6 28. Rf3 d4 29. Nd1 Rc6 30. Nxe3 dxe3 31. Rxe3 Rd2 32. Re1 Rcc2 33. Rg3 Rxb2 34. h3 Rxa2 35. Rc1 b4 36. Kg1 a5 37. Rc8+ Kg7 38. Rc1 a4 39. Re3 b3 40. e6 b2 41. Rce1 fxe6 42. Rxe6 Ra1 43. Re7+ Kh6 0-1

[Event "Henderson Trusts op-A 43rd"]
[Site "Henderson"]
[Date "2021.06.06"]
[Round "3"]
[White "Koestanto, Erwin"]
[Black "Tang, Hao"]
[Result "0-1"]
[WhiteElo "1828"]
[BlackElo "1787"]
[PlyCount "70"]
[EventDate "2021.06.05"]
[EventType "swiss"]
[EventRounds "6"]
[EventCountry "NZL"]
[SourceTitle "EXT 2024"]
[Source "ChessBase"]
[SourceDate "2023.10.10"]
[SourceVersion "1"]
[SourceVersionDate "2023.10.10"]
[SourceQuality "1"]

1. d4 Nf6 2. c4 c5 3. d5 b5 4. Qc2 bxc4 5. e4 d6 6. Bxc4 g6 7. Bd2 Bg7 8. Bc3 0-0 9. Nf3 Ba6 10. Nbd2 Bxc4 11. Nxc4 Nbd7 12. 0-0 Nb6 13. b3 Qc7 14. Rad1 Rfb8 15. Nfd2 Nxc4 16. Nxc4 a5 17. a4 Nd7 18. Bxg7 Kxg7 19. f4 Rb4 20. Rf3 Nb6 21. Na3 c4 22. Rc1 Qc5+ 23. Kh1 cxb3 24. Qb1 Qd4 25. Rxb3 Rxb3 26. Qxb3 Nxa4 27. Re1 Nc5 28. Qf3 Rb8 29. e5 Rb3 30. Nc2 Qd2 31. Qd1 Qxd1 32. Rxd1 Nd3 33. exd6 exd6 34. Kg1 Nxf4 35. Rd2 Rd3 0-1

[Event "Henderson Trusts op-A 43rd"]
[Site "Henderson"]
[Date "2021.06.05"]
[Round "2"]
[White "Tang, Hao"]
[Black "Wang, Aaron Ziwen"]
[Result "1-0"]
[WhiteElo "1787"]
[BlackElo "1706"]
[PlyCount "91"]
[EventDate "2021.06.05"]
[EventType "swiss"]
[EventRounds "6"]
[EventCountry "NZL"]
[SourceTitle "EXT 2024"]
[Source "ChessBase"]
[SourceDate "2023.10.10"]
[SourceVersion "1"]
[SourceVersionDate "2023.10.10"]
[SourceQuality "1"]

1. d4 Nf6 2. Nf3 d6 3. b4 g6 4. c4 Bg7 5. Bb2 0-0 6. e3 Bf5 7. Be2 Nbd7 8. 0-0 c5 9. a3 Qb6 10. Qb3 Rfc8 11. Nc3 Qd8 12. Rfd1 Qe8 13. bxc5 dxc5 14. d5 Nb6 15. a4 Ng4 16. a5 Nd7 17. e4 Bxc3 18. Qxc3 Ngf6 19. exf5 h6 20. fxg6 fxg6 21. Ne5 Kh7 22. Bd3 Nxe5 23. Qxe5 Qf7 24. Re1 Re8 25. h3 Rac8 26. Re3 Nd7 27. Qe6 Qxe6 28. Rxe6 Nf8 29. Re3 Rcd8 30. Rae1 e6 31. dxe6 Rxe6 32. Rxe6 Nxe6 33. Rxe6 Rxd3 34. Re7+ Kg8 35. Rg7+ Kf8 36. Rxb7 Ke8 37. Rxa7 Rd2 38. Bg7 Rc2 39. Bxh6 Rxc4 40. a6 Ra4 41. Bg5 c4 42. Re7+ Kd8 43. a7 Kc8 44. Be3 c3 45. Re8+ Kb7 46. Rb8+ 1-0